Crónica y resultados de la Cumbre de la Tierra.
Výsledky Konferencie o Zemi - 3.-14.6.1992 Druhá Konferencia OSN o životnom prostredí a rozvoji v Rio de Janeiro. Chmúrne predpovede o skleníkovom efekte. Nesúhlas USA s obmedzením emisií oxidu uhličitého. Výklad deviatich základných bodov rokovania Konferencie. Opatrenia vzbudzujúce nádej.
Salvato in:
| Natura: | Capitolo di libro |
|---|---|
| Lingua: | spagnolo |
| Soggetti: | |
| Tags: |
Nessun Tag, puoi essere il primo ad aggiungerne!!
|
MARC
| LEADER | 00000naa a2200000 4500 | ||
|---|---|---|---|
| 001 | r009916 | ||
| 005 | 20221208122318.8 | ||
| 041 | 0 | |a spa | |
| 044 | |a MX | ||
| 245 | 1 | 0 | |a Crónica y resultados de la Cumbre de la Tierra. |
| 520 | |a Výsledky Konferencie o Zemi - 3.-14.6.1992 Druhá Konferencia OSN o životnom prostredí a rozvoji v Rio de Janeiro. Chmúrne predpovede o skleníkovom efekte. Nesúhlas USA s obmedzením emisií oxidu uhličitého. Výklad deviatich základných bodov rokovania Konferencie. Opatrenia vzbudzujúce nádej. | ||
| 610 | 2 | 0 | |a prostredie životné |
| 610 | 2 | 0 | |a ochrana prostredia životného |
| 610 | 2 | 0 | |a konferencie |
| 610 | 2 | 0 | |a OSN |
| 610 | 2 | 0 | |a 1992 |
| 610 | 2 | 0 | |a znečistenie ovzdušia |
| 610 | 2 | 0 | |a Rio de Janeiro |